| 000 | 00408nab a2200145Ia 4500 | ||
|---|---|---|---|
| 003 | ES-SlBCS | ||
| 005 | 20210601124307.0 | ||
| 008 | 140529s1978 xxu||||| |||| 00| 0 eng d | ||
| 041 | _aeng | ||
| 100 | 1 |
_aHardie, C. D. _9139136 |
|
| 245 | 0 | 0 |
_aMeasurement in Education _c C. D. Hardie |
| 650 | 0 | 4 |
_aEducación _986687 |
| 773 | 0 |
_tEducational Theory _gvol. 28, nº. 1, 1978, págs. 54-61 _wRev1399 |
|
| 942 | _cAR | ||
| 999 |
_c512439 _d512439 |
||